Yaşamın anlamı (Record no. 1284)

MARC details
000 -BAŞLIK
Sabit Uzunlukta Kontrol Alanı 00599na a2200229 4500
001 - KONTROL NUMARASI
Denetim Alanı 16012
003 - KONTROL NUMARASI IDENTIFIER
Denetim Alanı MIRAKIL
005 - SON İŞLEM TARİHİ VE ZAMANI
Denetim Alanı 20181213154817.0
008 - SABİT-BOY VERİ ELEMANLARI - GENEL BİLGİLER
Sabit Uzunlukta Kontrol Alanı 161001b tu 000 0
035 ## - SİSTEM KONTROL NUMARASI
Sistem Kontrol Numarası 16012
040 ## - KATALOGLAMA KAYNAK
Orijinal Kataloglama Ajansı Milas
Kataloglama Dili tur
Metne Dönüştürmek Ajansı TR-AnCHP
082 ## - DEWEY ONLU SINIFLANDIRMA NUMARASI
Sınıflandırma Numarası 814.42
Ürün Numarası K65Y 1986
090 ## - SINIFLAMA NUMARASI
Sınıflama Numarası 814.42 K65Y 1986
100 ## - ANA GİRİŞ - KİŞİSEL İSİM
Kişisel Ad Kongar, Emre
245 ## - BAŞLIK TABLOSU
Başlık Yaşamın anlamı
Sorumluluk Tablosu, Vb Emre Kongar
260 ## - YAYIN, DAĞITIM, VB
Yayın, Dağıtım, Vb Yeri İstanbul
Yayıncı, Dağıtıcı, Vs Adı Remzi Kitabevi
Yayın, Dağıtım, Vb Tarihi 1986
300 ## - FİZİKSEL TANIM
Kapsam 127 s.
Boyutlar 19 sm.
490 ## - SERİSİ TABLOSU
Seri Beyanı Türk yazarları dizisi
Hacim / Ardışık Tanımı 86
650 ## - KONU KATMA GİRİŞ - TOPİKAL DÖNEM
Topikal Süreli Veya Coğrafi Ad Giriş Elemanı Türk denemeler
650 ## - KONU KATMA GİRİŞ - TOPİKAL DÖNEM
Topikal Süreli Veya Coğrafi Ad Giriş Elemanı Türk edebiyatı
Genel Alt Bölümü Denemeler
942 ## - EKLENDİ GİRİŞ ELEMANLARI (KOHA)
Sınıflandırma Veya Raf Düzeni Kaynak Dewey Decimal Classification
Koha Öğesi Türü Books
999 ## - SİSTEM KONTROL NUMARALARI (KOHA)
Koha Biblionumber 1284
Koha Biblioitemnumber 1284
Holdings
Kalıcı Konum Mevcut Konum Edinme Tarihi Edinim Kaynak Toplam Check-Out'Lar Tam Çağrı Numarası Barkod Tarih Son Görülme İtibaren Geçerli Fiyatlar Koha Öğesi Türü
CHP Kütüphanesi CHP Kütüphanesi 09/28/2016 Bağış   814.42 K65Y 1986 004293 09/28/2016 09/28/2016 Books